Misa de requiem
Saved in:
| Hovedforfatter: | |
|---|---|
| Format: | Bog |
| Sprog: | spansk |
| Udgivet: |
Santiago
Alerce
1960
|
| Fag: | |
| Tags: |
Tilføj Tag
Ingen Tags, Vær først til at tagge denne postø!
|
MARC
| LEADER | 00000nam a2200000 a 4500 | ||
|---|---|---|---|
| 001 | UCX3725 | ||
| 003 | CL-VaPUC | ||
| 008 | 911206e19600000CL |||||||||||||||||spa|d | ||
| 082 | 0 | 4 | |a Ch863 |b BLA |2 21 |
| 100 | 0 | |a Blanco, Guillermo |e author |9 319912 | |
| 245 | 1 | 0 | |a Misa de requiem |
| 300 | |a 54 p | ||
| 942 | |c BK | ||
| 945 | |d 19911206 00:00:00 | ||
| 260 | |a Santiago |b Alerce |c 1960 | ||
| 650 | 0 | |a Novelas chilenas |9 265425 | |
| 583 | |a last modification |c 19911206 00:00:00 |k Rodrigo Vera | ||
| 999 | |c 224403 |d 224401 | ||
| 952 | |0 0 |1 0 |4 0 |6 CH_863_000000000000000_BLA_1960 |7 0 |8 A |9 221007 |a BIBEDU |b BIBEDU |d 2019-11-15 |i 2897660 |o Ch863 BLA 1960 |p 2897660 |r 2019-11-15 |w 2019-11-15 |y BK |k LIT | ||
| 952 | |0 0 |1 0 |4 0 |6 CH_863_000000000000000_BLA_1960 |7 0 |8 A |9 221008 |a BIBEDU |b BIBEDU |d 2019-11-15 |i 2897687 |o Ch863 BLA 1960 |p 2897687 |r 2019-11-15 |w 2019-11-15 |y BK |k LIT | ||
| 952 | |0 0 |1 0 |4 0 |6 CH_863_000000000000000_BLA_1960 |7 0 |8 A |9 221009 |a BIBEDU |b BIBEDU |d 2019-11-15 |i 2897695 |l 2 |o Ch863 BLA 1960 |p 2897695 |r 2021-10-05 |s 2021-06-04 |w 2019-11-15 |y BK |k LIT | ||
| 952 | |0 0 |1 0 |4 0 |6 CH_863_000000000000000_BLA_1960 |7 0 |8 A |9 221010 |a BIBEDU |b BIBEDU |d 2019-11-15 |i 3170918 |o Ch863 BLA 1960 |p 3170918 |r 2019-11-15 |w 2019-11-15 |y BK |k LIT | ||
| 952 | |0 0 |1 0 |4 0 |6 CH_863_000000000000000_BLA_1960 |7 0 |8 A |9 221011 |a BIBEDU |b BIBEDU |d 2019-11-15 |i 1444999 |o Ch863 BLA 1960 |p 1444999 |r 2019-11-15 |w 2019-11-15 |y BK |k LIT | ||